<?xml version="1.0" encoding="UTF-8"?>
<record
    xmlns:xsi="http://www.w3.org/2001/XMLSchema-instance"
    xsi:schemaLocation="http://www.loc.gov/MARC21/slim http://www.loc.gov/standards/marcxml/schema/MARC21slim.xsd"
    xmlns="http://www.loc.gov/MARC21/slim">

  <leader>00312nam a2200121Ia 4500</leader>
  <controlfield tag="008">191201s2012    xx            000 0 und d</controlfield>
  <datafield tag="100" ind1=" " ind2=" ">
    <subfield code="a">NAG, Amitava</subfield>
  </datafield>
  <datafield tag="245" ind1=" " ind2="0">
    <subfield code="a">Data Structures and Algorithms using</subfield>
  </datafield>
  <datafield tag="250" ind1=" " ind2=" ">
    <subfield code="a">2nd</subfield>
  </datafield>
  <datafield tag="260" ind1=" " ind2=" ">
    <subfield code="c">2012</subfield>
    <subfield code="b">Vikas Publication House</subfield>
    <subfield code="a">NEW DELHI</subfield>
  </datafield>
  <datafield tag="300" ind1=" " ind2=" ">
    <subfield code="a">456</subfield>
  </datafield>
  <datafield tag="942" ind1=" " ind2=" ">
    <subfield code="2">ddc</subfield>
    <subfield code="c">BK</subfield>
    <subfield code="0">9</subfield>
  </datafield>
  <datafield tag="999" ind1=" " ind2=" ">
    <subfield code="c">7826</subfield>
    <subfield code="d">7826</subfield>
  </datafield>
  <datafield tag="952" ind1=" " ind2=" ">
    <subfield code="0">0</subfield>
    <subfield code="1">0</subfield>
    <subfield code="2">ddc</subfield>
    <subfield code="4">0</subfield>
    <subfield code="7">0</subfield>
    <subfield code="8">BCA</subfield>
    <subfield code="a">PIET</subfield>
    <subfield code="b">PIET</subfield>
    <subfield code="d">2012-04-09</subfield>
    <subfield code="e">IBH, New Delhi</subfield>
    <subfield code="g">250.00</subfield>
    <subfield code="k">10249</subfield>
    <subfield code="l">5</subfield>
    <subfield code="o">005.133 NAD</subfield>
    <subfield code="p">BC335</subfield>
    <subfield code="r">2022-12-19 00:00:00</subfield>
    <subfield code="s">2022-12-12</subfield>
    <subfield code="v">165.60</subfield>
    <subfield code="w">2012-04-09</subfield>
    <subfield code="y">BK</subfield>
  </datafield>
  <datafield tag="952" ind1=" " ind2=" ">
    <subfield code="0">0</subfield>
    <subfield code="1">0</subfield>
    <subfield code="2">ddc</subfield>
    <subfield code="4">0</subfield>
    <subfield code="7">0</subfield>
    <subfield code="8">BCA</subfield>
    <subfield code="a">PIET</subfield>
    <subfield code="b">PIET</subfield>
    <subfield code="d">2012-04-09</subfield>
    <subfield code="e">IBH, New Delhi</subfield>
    <subfield code="g">250.00</subfield>
    <subfield code="k">10249</subfield>
    <subfield code="l">6</subfield>
    <subfield code="o">005.133 NAD</subfield>
    <subfield code="p">BC336</subfield>
    <subfield code="r">2023-05-02 00:00:00</subfield>
    <subfield code="s">2023-04-18</subfield>
    <subfield code="v">165.60</subfield>
    <subfield code="w">2012-04-09</subfield>
    <subfield code="y">BK</subfield>
  </datafield>
  <datafield tag="952" ind1=" " ind2=" ">
    <subfield code="0">0</subfield>
    <subfield code="1">0</subfield>
    <subfield code="2">ddc</subfield>
    <subfield code="4">0</subfield>
    <subfield code="7">0</subfield>
    <subfield code="8">BCA</subfield>
    <subfield code="a">PIET</subfield>
    <subfield code="b">PIET</subfield>
    <subfield code="d">2012-04-09</subfield>
    <subfield code="e">IBH, New Delhi</subfield>
    <subfield code="g">250.00</subfield>
    <subfield code="k">10249</subfield>
    <subfield code="l">0</subfield>
    <subfield code="o">005.133 NAD</subfield>
    <subfield code="p">BC337</subfield>
    <subfield code="r">2019-12-04 00:00:00</subfield>
    <subfield code="v">165.60</subfield>
    <subfield code="w">2012-04-09</subfield>
    <subfield code="y">BK</subfield>
  </datafield>
</record>
